000 01150nam a22002657a 4500
005 20240826132031.0
008 130821s2012 enka gr eng
020 _a9781848932968
040 _aCO-BoUCM
_cJose A. Gerena (modificó)
_bspa
_dDavid Moreno (modificó)
041 0 0 _aeng
100 1 _aPrévost, Jean-Guy
_d1955-
_936010
245 1 0 _aStatistics, public debate and the state, 1800-1945 a social, political and intellectual history of numbers
_cpor Jean-Guy Prévost y Jean-Pierre Beaud
260 _aLondon Brookfield, Vt.
_bPickering & Chatto
_c2012
300 _ax, 233 páginas
_bgráficas
490 0 _aStudies for the International Society for Cultural History
_v1
504 _aIncluye referencias bibliográficas e índices
650 0 _aEstadisticas
_xAspectos políticos
_936014
650 0 _aEstadísticas
_xAspectos sociales
_936013
650 0 _aEstadísticas
_xHistoria
_ySiglo XIX
_915002
650 0 _aEstadísticas
_xHistoria
_ySiglo XIX
_936012
690 _aSociología
_9386
700 1 _aBeaud, Jean-Pierre
_d1950-
_936015
942 _cLIBRO
_a7
_e1
_mP944s
_2DEWEY
_h519.2
_n0
999 _c166160
_d166160